| 000 | 01012nam a22003137a 4500 | ||
|---|---|---|---|
| 003 | CHAP | ||
| 005 | 20220329135113.0 | ||
| 008 | 971013s1979 r 00010 d | ||
| 010 | _a30980 | ||
| 011 | _a31952 | ||
| 035 | _a36064 | ||
| 040 | _cCHAP | ||
| 090 | _aFolleto 6775 | ||
| 100 | 0 | 0 |
_aLittle, Elbert L., Jr. _967163 |
| 245 |
_aForest trees of the United States and Canada _b: and how to identify them |
||
| 260 |
_aNew York : _bDover, _c1979 |
||
| 300 |
_a70 p. _b: ilus. ; mapas |
||
| 590 |
_aBATCH-UPD _b10 _c20130110 _lUCH01 _h1928 |
||
| 590 |
_aBATCH-UPD _b10 _c20130410 _lUCH01 _h1252 |
||
| 590 |
_aBATCH-UPD _b10 _c20130914 _lUCH01 _h1727 |
||
| 590 |
_aCONVERSION _b10 _c20130109 _lUCH01 _h1318 |
||
| 650 | 1 | 4 |
_aÁrboles _xCanada. _96577 |
| 650 | 1 | 4 |
_aÁrboles _xE.U.A. _96592 |
| 650 | 1 | 4 |
_aÁrboles _xIdentificación. _982437 |
| 901 | _aBK | ||
| 942 | _cFOLL | ||
| 949 |
_aFolleto 6775 _bBC _cFOLL _d-83171 _eTS1 _i36064 _si _t104.00 |
||
| 949 |
_aFolleto 6775 _bBC _cFOLL _d-83172 _eTS2 _fc.2 _i36064 _si _t104.00 |
||
| 999 |
_c30980 _d30980 |
||